Nefinančné hodnotenie podnikov na základe údajov vo výročných správach diplomová práca

Saved in:
Bibliographic Details
Main Author: Karkošová, Veronika
Corporate Author: Fakulta hospodárskej informatiky EU. Katedra účtovníctva a audítorstva
Other Authors: Mokošová, Daša, 1979-
Format: Book
Language:Slovak
Published: Bratislava 2016
Tags: Add Tag
No Tags, Be the first to tag this record!

MARC

LEADER 00000nbm a2200000 4500
001 0216905
005 20240905085052.4
041 0 |a slo 
044 |a SK 
245 1 0 |a Nefinančné hodnotenie podnikov na základe údajov vo výročných správach  |b diplomová práca  |c Veronika Karkošová ; školiteľ: Daša Mokošová 
264 1 |a Bratislava  |c 2016 
300 |a 89 s. 
100 1 |a Karkošová, Veronika 
700 1 |a Mokošová, Daša, 1979- 
710 2 |a Fakulta hospodárskej informatiky EU. Katedra účtovníctva a audítorstva